Exilado a Sul (Registo nº 3960)

Detalhes MARC
000 -Etiqueta do registo
Cabeçalho 00660nam0a2200241 4500
005 - Identificador da versão
Campo de controlo 20240813122049.0
010 ## - Número internacional normalizado dos livros (ISBN)
Número (ISBN) 9728738579
021 ## - Número do Depósito Legal
Código do país PT
Número 187247/02
100 ## - Dados gerais de processamento
Dados gerais de processamento 20030408d2002 m y0pory5003 ba
102 ## - Pais de publicação ou produção
País de publicação Portugal
101 0# - Língua de publicação
Língua do texto, banda sonora, etc. Português
215 ## - Descrição física 
Indicação específica da natureza do documento e extensão da espécie 64 p.
Dimensões 21 cm
200 1# - Titulo e menção de responsabilidade
Título próprio Exilado a Sul
Informação de outro título peça em dois actos
Primeira menção de responsabilidade José Jorge Letria
205 ## - Menção da edição
Menção da edição 1ª ed
210 ## - Publicação, Distribuição, etc. 
Lugar da edição, distribuição, etc. Alpiarça
Nome do editor, distribuidor, etc. Garrido editores
Data da publicação, distribuição, etc. 2002
606 ## - Nome comum usado como assunto
Número de registo de entrada de autoridade 0001414
Palavra de ordem Literatura portuguesa
Subdivisão de assunto Teatro
Código do sistema CA
675 ## - Classificação Decimal Universal (CDU)
Notação 821.134.3-2
Edição 3ª ed.
Língua da edição por
700 #1 - Nome de autor-pessoa física (responsabilidade principal)
Número de registo de entrada de autoridade 0000273
Palavra de ordem Letria
Outra parte do nome não tomada para palavra de ordem José Jorge
Datas 1951-
966 ## - Identificação da Biblioteca
Sigla EBVEN
942 ## - Elementos de entrada adicionados (Koha)
Tipo de item no Koha Livro
Exemplares
Situação do levantamento Origin of item (home branch) (coded) Biblioteca de empréstimo Código de barras Cota Circulation type (not for loan) Tipo de documento Nota do exemplar Damaged status
  Biblioteca Escolar das Vendas Biblioteca Escolar das Vendas BEV724 8POR LET   Livro Sem mensagem